| 000 | 00999 a2200241 4500 | ||
|---|---|---|---|
| 003 | NUST | ||
| 005 | 20221223174532.0 | ||
| 010 | _a 92020153 | ||
| 020 | _a0520079639 (alk. paper) | ||
| 020 | _a0520079647 (pbk. : alk. paper) | ||
| 040 | _cNust | ||
| 082 | 0 | 0 | _a355.009,CHA |
| 245 | 1 | 4 |
_aThe art of war in world history : _bfrom antiquity to the nuclear age (Vol-2) / _cEdited by Geard Chaliand. |
| 260 |
_aBerkeley : _bUniversity of California Press, _c[c1994] |
||
| 300 |
_axxix, 1072 p. : _bmaps ; _c24 cm. |
||
| 505 | _aLimited Wars in The West (Page-501), The Age of Total Wars (Page-629), The Nuclear Era (Page-991) . | ||
| 650 | 0 |
_aMilitary art and science _xHistory. |
|
| 650 | 0 | _aMilitary history. | |
| 700 | 1 |
_aChaliand, GℲard, _d1934- _990972 |
|
| 856 | 4 | 2 |
_3Contributor biographical information _uhttp://www.loc.gov/catdir/bios/ucal051/92020153.html |
| 856 | 4 | 2 |
_3Publisher description _uhttp://www.loc.gov/catdir/description/ucal041/92020153.html |
| 942 |
_2ddc _cBK _k355.009,CHA |
||
| 999 |
_c185356 _d185356 |
||